00828nam a2200205 a 450000100100000000500170001000800410002702000150006804000250008308200180010824501250012626000660025130000360031750000400035365000530039370000340044604900090048095201160048999900170060500001806320200929165334.0100413s2001 dr 001 0 spa d a9993433209 aDO-SdBNPbspacBNPHU a324.63bM533p10aMemoria del pacto de ética electoral :buna propuesta desde la sociedad civil /cpresentación Juan Bolívar Díaz. aSanto Domingo :bParticipación Ciudadana,c2001.fMediabyte a103 p. :bil., retrs. ;c22 cm. aElecciones presidenciales mayo 2000 4aEleccionesxEticazRepública Dominicana9391521 aDíaz, Juan Bolívar938361 aBNPD 0010718PDaPDbPDcCTd2010-04-13iLF1l0o324.63 M533pp18063-10r2020-06-25w2020-06-25yLFPDZNo se presta c17585d17585